| 000 | 01437nam a2200229Ia 4500 | ||
|---|---|---|---|
| 003 | Ost | ||
| 005 | 20260507075019.0 | ||
| 008 | 260507s9999||||xx |||||||||||||| ||und|| | ||
| 020 | _a4149282977 | ||
| 040 | _cfsecg | ||
| 041 | _aara | ||
| 082 | _a519.2 | ||
| 100 |
_aشبيجل، موراي ر _eمؤلف |
||
| 245 | 0 |
_aالإحصاء / _c موراي ر شبيجل |
|
| 260 |
_aالقاهرة: _bالدار الدولية للإستثمارات الثقافية, _c2004 |
||
| 300 |
_a163 صفحة؛ _c22 سم |
||
| 490 | _aسلسلة ملخصات إيزي شوم | ||
| 520 | _aالمتغيرات والرسوم البيانية-مقاييس النزعة المركزية والتشتت-نظرية الإحتمالات الأولية-توزيعات ذو الحدين-نظرية المعاينة الأولية-نظرية التقدير الإحصائي-نظرية القرار الإحصائي-نظرية المعاينة الصغيرة-اختبار مربع كاي-توفيق المنحنيات وطريقة المربعات الصغرى-نظرية الإرتباط-الإرتباط المتعدد والجزئي-تحليل التباين-الإختبارات اللامعلمية-المسامات تحت المنحنى الطبيعي المعياري-القيم المئينية-قيم توزيعF | ||
| 653 | _aالاحتمالات | ||
| 653 | _aالإحصاء - المعاملات الإرتباطية | ||
| 942 | _cكتاب | ||
| 999 |
_c42249 _d42249 |
||